| 000 | 00981cam a22002773a 4500 | ||
|---|---|---|---|
| 001 | 10431 | ||
| 003 | PGUSA | ||
| 005 | 20140828083224.0 | ||
| 008 | 031201s2003||||xxu|||||s|||||000 | eng d | ||
| 040 |
_aPGUSA _beng |
||
| 042 | _adc | ||
| 050 | 4 | _aE300 | |
| 100 | 1 |
_aHughes, Louis, _d1832- |
|
| 245 | 1 | 0 |
_aThirty Years a Slave : _bFrom Bondage to Freedom: The Institution of Slavery as Seen on the Plantation and in the Home of the Planter: Autobiography of Louis Hughes _h[electronic resource] / _cLouis Hughes |
| 260 |
_bProject Gutenberg, _c2003 |
||
| 506 | _aPublic domain in the USA. | ||
| 516 | _aElectronic text | ||
| 653 | _aSlaves -- United States -- Biography | ||
| 653 | _aPlantation life -- Alabama | ||
| 653 | _aAfrican Americans -- Biography | ||
| 653 | _aHughes, Louis, b. 1832 | ||
| 653 | _aSlaves -- Alabama -- Social conditions -- 19th century | ||
| 830 | 0 |
_aProject Gutenberg _v10431 |
|
| 856 | 4 | 0 | _uhttp://www.gutenberg.org/ebooks/10431 |
| 942 | _cEB | ||
| 999 |
_c239686 _d239686 |
||